[Event "Detroit (MOR/6/51)"]
[Site "?"]
[Date "1992.??.??"]
[Round "?"]
[White "Fleming, William"]
[Black "Collins, Charles"]
[Result "1-0"]
[WhiteElo "1705"]
[BlackElo "1740"]
[PlyCount "74"]
[EventDate "1992.??.??"]

{6/(51)} 1. e4 Nf6 2. Nc3 d6 3. d4 g6 4. Nf3 Bg7 5. h3 c6 6. Be3 b5 7. Bd3 O-O
8. Qd2 Qc7 9. O-O Nbd7 10. Rfe1 e5 11. Rad1 exd4 12. Bxd4 Re8 13. Ne2 Nxe4 14.
Bxe4 Rxe4 15. Bxg7 Kxg7 16. Qxd6 Qxd6 17. Rxd6 c5 18. Kf1 Nf6 19. Red1 Bb7 20.
Rd8 Rxd8 21. Rxd8 Rb4 22. b3 Bxf3 23. gxf3 Rh4 24. Kg2 Rh5 25. Ra8 Re5 26. Nf4
Re7 27. Rc8 Re5 28. Nd3 Rg5+ 29. Kh2 Rf5 30. Rxc5 Rxc5 31. Nxc5 Nd5 32. Nd3 b4
33. Kg3 f5 34. f4 Kf6 35. Kf3 Ke6 36. h4 Kd6 37. Nb2 Kc5 1-0

[Event "Detroit (MOR/2/62)"]
[Site "?"]
[Date "1992.??.??"]
[Round "?"]
[White "Fleming, William"]
[Black "Carr, JR."]
[Result "1-0"]
[WhiteElo "1705"]
[BlackElo "1605"]
[PlyCount "81"]
[EventDate "1992.??.??"]

{2/(62)} 1. e4 c5 2. Nf3 a6 3. Nc3 Nc6 4. d4 cxd4 5. Nxd4 e5 6. Nf5 Bb4 7. Nd6+
Ke7 8. Nf5+ Kf8 9. Be2 Nf6 10. f3 d5 11. O-O Bxf5 12. exf5 d4 13. Ne4 h5 14.
Bg5 Be7 15. Bxf6 Bxf6 16. Qd2 Be7 17. a3 Qd7 18. f4 Qxf5 19. Ng3 Qg6 20. fxe5
Bg5 21. Qd1 Be3+ 22. Kh1 Nxe5 23. Bxh5 Rxh5 24. Qxh5 Qxh5 25. Nxh5 Ng4 26. g3
g6 27. Nf4 Kg7 28. Nd5 Rh8 29. h4 g5 30. Kg2 gxh4 31. gxh4 Rf8 32. Rae1 f5 33.
c3 Rc8 34. Ne7 dxc3 35. Nxc8 c2 36. Nd6 f4 37. Nf5+ Kf6 38. Nxe3 Nxe3+ 39. Rxe3
c1=Q 40. Rxc1 fxe3 41. Kf3 1-0

[Event "Detroit (MI Op/6/6)"]
[Site "?"]
[Date "1992.??.??"]
[Round "?"]
[White "Fischvogt, Eric"]
[Black "Strugach, A."]
[Result "0-1"]
[WhiteElo "2230"]
[BlackElo "2100"]
[PlyCount "80"]
[EventDate "1992.??.??"]

{6/(6)} 1. e4 e5 2. Nf3 Nf6 3. Nc3 Nc6 4. d4 Bb4 5. d5 Ne7 6. Nxe5 d6 7. Bb5+
Kf8 8. Nf3 Nxe4 9. Qd4 Nxc3 10. bxc3 Bc5 11. Qh4 Bd7 12. Bc4 Ng6 13. Qxd8+ Rxd8
14. O-O f6 15. Bd3 Kf7 16. Nd4 Bxd4 17. Bxg6+ Kxg6 18. cxd4 Rhe8 19. c4 b5 20.
c5 Bf5 21. cxd6 Rxd6 22. Ba3 Ra6 23. Bc5 Bd3 24. Rfc1 Bc4 25. a3 Bxd5 26. Re1
Rb8 27. Rab1 Ra4 28. Re7 Rb7 29. Rd7 Be4 30. Re1 Bf5 31. Rde7 a5 32. R1e3 Kh6
33. Rg3 Rc4 34. h4 Bg6 35. Rge3 b4 36. axb4 axb4 37. g4 b3 38. g5+ Kh5 39. Rxb3
Rxb3 40. gxf6 gxf6 0-1

[Event "Detroit (MI Op/4/20)"]
[Site "?"]
[Date "1992.??.??"]
[Round "?"]
[White "Fischvogt, Eric"]
[Black "Robbins, Fred"]
[Result "1-0"]
[WhiteElo "2230"]
[BlackElo "1870"]
[PlyCount "97"]
[EventDate "1992.??.??"]

{4/(20)} 1. e4 Nf6 2. e5 Nd5 3. d4 d6 4. Nf3 Bg4 5. Be2 e6 6. O-O Be7 7. c4 Nb6
8. Nc3 O-O 9. Be3 d5 10. c5 Bxf3 11. gxf3 Nc8 12. f4 f5 13. Kh1 Nc6 14. Rg1 g6
15. Bh5 Kg7 16. Rg2 Qe8 17. Qf3 Bd8 18. Qg3 N8e7 19. Be2 Rh8 20. b4 Nxb4 21.
Rb1 Nbc6 22. Rxb7 Rb8 23. Rxb8 Nxb8 24. Bb5 Qf7 25. Rg1 a6 26. Be2 Rg8 27. Rb1
Nec6 28. Qh3 Qe7 29. Rb7 Qf7 30. Qf1 Kh8 31. Bxa6 g5 32. Be2 gxf4 33. Bxf4 Bh4
34. Nb5 Bd8 35. a4 Qg7 36. Bf3 Na6 37. Qg2 Qf7 38. Qh3 Qg7 39. Qg2 Qf7 40. Qf1
Qg7 41. Bh5 Qe7 42. Nd6 Rf8 43. Bh6 Qh4 44. Qg2 Bf6 45. exf6 Qxf6 46. Bxf8 Nd8
47. Bg7+ Qxg7 48. Qxg7+ Kxg7 49. Ra7 1-0

[Event "Detroit (MI Op/2/9)"]
[Site "?"]
[Date "1992.??.??"]
[Round "?"]
[White "Fischvogt, Eric"]
[Black "Hendricks, Marcus"]
[Result "1/2-1/2"]
[WhiteElo "2230"]
[BlackElo "1990"]
[PlyCount "102"]
[EventDate "1992.??.??"]

{2/(9)} 1. e4 c5 2. Nc3 Nc6 3. g3 g6 4. Bg2 Bg7 5. d3 Nf6 6. Nh3 d6 7. O-O Bd7
8. Be3 Ng4 9. Bd2 Qc8 10. Nf4 h5 11. h3 Nf6 12. Ncd5 e6 13. Nxf6+ Bxf6 14. c3
Bg7 15. h4 Qd8 16. Be3 O-O 17. Qd2 Ne5 18. f3 Rc8 19. Nh3 Qb6 20. Nf2 Rfd8 21.
f4 Nc6 22. Rab1 Qa6 23. a3 Qa4 24. Bf3 Ne7 25. g4 hxg4 26. Bxg4 d5 27. Bd1 Qc6
28. Ng4 dxe4 29. Ne5 Qd6 30. dxe4 Qxd2 31. Bxd2 Bxe5 32. fxe5 Bc6 33. Bg5 Rd7
34. Rf4 Bb5 35. h5 Nc6 36. Bf6 Rd3 37. Rg4 Rh3 38. hxg6 Bd3 39. gxf7+ Kxf7 40.
Rg7+ Ke8 41. Kg2 Rh6 42. Rc1 Bxe4+ 43. Bf3 Rg6+ 44. Kf2 Rxg7 45. Bxg7 Bxf3 46.
Kxf3 Rd8 47. Ke4 Rd2 48. b4 Ra2 49. bxc5 Rxa3 50. Bh6 Ra4+ 51. c4 Ra2 1/2-1/2

[Event "Flint (MEX/1)"]
[Site "?"]
[Date "1992.??.??"]
[Round "?"]
[White "Finegold, Ron"]
[Black "Smith, Walt"]
[Result "1-0"]
[WhiteElo "2175"]
[BlackElo "2045"]
[PlyCount "80"]
[EventDate "1992.??.??"]

1. Nf3 e6 2. b3 Qf6 3. Nc3 b6 4. g3 Bb7 5. Bg2 h5 6. h3 Nc6 7. O-O Be7 8. d4
O-O-O 9. e4 h4 10. g4 d6 11. Be3 Qg6 12. Nh2 f5 13. f4 Nf6 14. d5 Nb4 15. a3
Na6 16. dxe6 Nxe4 17. Nxe4 fxe4 18. f5 Qf6 19. Bd4 Qh6 20. Qe2 d5 21. b4 c5 22.
Be3 Bg5 23. Bxg5 Qxg5 24. c4 Qf6 25. cxd5 Qd4+ 26. Kh1 Qxd5 27. Rae1 Qb3 28.
Bxe4 Qxh3 29. Bxb7+ Kxb7 30. Rf3 Qg3 31. Rxg3 hxg3 32. Qf3+ Kc8 33. Qxg3 Rd2
34. e7 Nc7 35. g5 Ne8 36. bxc5 bxc5 37. Rc1 Kd7 38. Rb1 Rdxh2+ 39. Qxh2 Rxh2+
40. Kxh2 Kc7 1-0

[Event "Lansing (Apr)"]
[Site "?"]
[Date "1992.??.??"]
[Round "?"]
[White "Finegold, Ron"]
[Black "Finegold, Mark"]
[Result "0-1"]
[WhiteElo "2190"]
[BlackElo "2285"]
[PlyCount "92"]
[EventDate "1992.??.??"]

1. c4 c6 2. e4 d5 3. exd5 Nf6 4. d4 cxd5 5. Nf3 Nc6 6. Nc3 Bg4 7. cxd5 Nxd5 8.
Bc4 e6 9. Bxd5 exd5 10. O-O Be7 11. h3 Bxf3 12. Qxf3 Nxd4 13. Qd3 Ne6 14. Qxd5
Qxd5 15. Nxd5 Bc5 16. Be3 O-O-O 17. Rfd1 Bxe3 18. Nxe3 Rxd1+ 19. Rxd1 Rd8 20.
Rc1+ Kb8 21. g3 Rd2 22. Nc4 Rd4 23. Ne5 f6 24. Nf3 Rd3 25. Kg2 a5 26. Re1 Rd6
27. Re2 Kc7 28. Kf1 Rd1+ 29. Re1 Rxe1+ 30. Kxe1 Kd6 31. Kd2 Kd5 32. Ne1 Kd4 33.
f3 f5 34. Nc2+ Ke5 35. Ne1 f4 36. g4 g5 37. Kd3 Kd5 38. Kd2 b5 39. Kd3 Nd4 40.
a3 Nc6 41. b3 Nd4 42. Kc3 Ne2+ 43. Kd2 Nd4 44. Kc3 h6 45. h4 gxh4 46. Ng2 Ne2+
0-1

[Event "Detroit (MI Op/4/12)"]
[Site "?"]
[Date "1992.??.??"]
[Round "?"]
[White "Finegold, Mark"]
[Black "Vandivier, Don"]
[Result "1-0"]
[WhiteElo "2235"]
[BlackElo "2030"]
[PlyCount "119"]
[EventDate "1992.??.??"]

{4/(12)} 1. e4 c5 2. c3 g6 3. d4 Bg7 4. Nf3 b6 5. Bc4 Bb7 6. O-O Nc6 7. Be3 d6
8. b4 cxb4 9. cxb4 e6 10. Nbd2 Nge7 11. d5 exd5 12. exd5 Ne5 13. Nxe5 Bxe5 14.
Nf3 Bg7 15. Re1 O-O 16. Rc1 Qd7 17. Qd3 Qf5 18. Qxf5 Nxf5 19. Bf4 Rfe8 20. g4
Bh6 21. Bxh6 Nxh6 22. h3 Kf8 23. Ng5 Kg7 24. Bb3 Rac8 25. Kg2 Ng8 26. Rxc8 Rxe1
27. Rd8 Nf6 28. Rxd6 Bxd5+ 29. Bxd5 Rd1 30. Rxf6 Kxf6 31. Bb3 Rd4 32. Nxh7+ Kg7
33. Ng5 Rxb4 34. Kf3 a5 35. Ke3 f5 36. Ne6+ Kf6 37. g5+ Ke5 38. f4+ Kd6 39. Nd4
a4 40. Bf7 Rb2 41. Bxg6 Rxa2 42. Bxf5 Rg2 43. g6 a3 44. Bb1 a2 45. Bxa2 Rxg6
46. Ke4 Kc5 47. Ne6+ Kd6 48. Ng5 Ke7 49. h4 Rh6 50. Nf3 Kf6 51. f5 Rh8 52. Be6
b5 53. Kd4 Ra8 54. Ne5 Rd8+ 55. Nd7+ Ke7 56. Ke5 b4 57. f6+ Ke8 58. Kd6 Rxd7+
59. Bxd7+ Kf7 60. Ke5 1-0

[Event "Flint (MEX/3)"]
[Site "?"]
[Date "1992.??.??"]
[Round "?"]
[White "Finegold, Mark"]
[Black "Sherbel, Steve"]
[Result "1-0"]
[WhiteElo "2235"]
[BlackElo "2030"]
[PlyCount "93"]
[EventDate "1992.??.??"]

1. e4 e6 2. d4 d5 3. Nc3 Bb4 4. e5 Qd7 5. Bd2 b6 6. a3 Bxc3 7. Bxc3 c5 8. f4
Ba6 9. Bxa6 Nxa6 10. Qg4 f5 11. Qe2 c4 12. Nf3 Ne7 13. O-O h6 14. Nh4 O-O-O 15.
b3 Qc6 16. a4 Kb7 17. b4 Nc7 18. b5 Qe8 19. Bb4 Ng6 20. Nxg6 Qxg6 21. Qe3 Qf7
22. Qa3 g5 23. Be7 Rde8 24. Bf6 Rhg8 25. fxg5 hxg5 26. Qd6 Kc8 27. a5 Qd7 28.
Rfb1 Qxd6 29. exd6 Na8 30. axb6 Nxb6 31. Rxa7 Kb8 32. Rba1 Rd8 33. d7 Rxd7 34.
Be5+ Kc8 35. Ra8+ Nxa8 36. Rxa8+ Kb7 37. Rxg8 Kb6 38. Rb8+ Ka5 39. b6 Kb4 40.
Ra8 Kc3 41. Ra2 Rb7 42. Bc7 Kxd4 43. Ra7 Rxb6 44. Bxb6+ Kc3 45. Re7 Kxc2 46.
Rxe6 c3 47. Rd6 1-0

[Event "Lansing (Apr)"]
[Site "?"]
[Date "1992.??.??"]
[Round "?"]
[White "Finegold, Mark"]
[Black "Noren, Kevin"]
[Result "1/2-1/2"]
[WhiteElo "2285"]
[BlackElo "2295"]
[PlyCount "32"]
[EventDate "1992.??.??"]

1. e4 c5 2. c3 e6 3. d4 d5 4. exd5 exd5 5. Nf3 Nc6 6. dxc5 Bxc5 7. Be2 Nge7 8.
O-O O-O 9. Nbd2 Bg4 10. Nb3 Bb6 11. Bg5 f6 12. Bd2 Re8 13. h3 Be6 14. Bf4 Ng6
15. Bh2 Qd7 16. Nfd4 Bf7 1/2-1/2

[Event "Lansing (Apr)"]
[Site "?"]
[Date "1992.??.??"]
[Round "?"]
[White "Finegold, Mark"]
[Black "Malumphy, Joseph"]
[Result "1-0"]
[WhiteElo "2285"]
[BlackElo "2005"]
[PlyCount "61"]
[EventDate "1992.??.??"]

1. e4 d6 2. d4 Nf6 3. Bd3 e5 4. c3 Be7 5. Nf3 O-O 6. O-O Bg4 7. Nbd2 Nbd7 8. d5
Nh5 9. Nc4 Nf4 10. Bc2 Nf6 11. Re1 N6h5 12. Ne3 Qd7 13. Kh1 Bh4 14. Nxg4 Qxg4
15. Nxh4 Qxh4 16. g3 Qh3 17. gxf4 exf4 18. Rg1 f3 19. Qf1 Qxf1 20. Rxf1 h6 21.
Bd1 Nf6 22. Bxf3 Rfe8 23. Bd2 Nxe4 24. Bxe4 Rxe4 25. Rae1 Rae8 26. Rxe4 Rxe4
27. Re1 Rc4 28. f4 Kf8 29. b3 Rc5 30. c4 a5 31. Be3 1-0

[Event "Flint (MEX/1)"]
[Site "?"]
[Date "1992.??.??"]
[Round "?"]
[White "Finegold, Mark"]
[Black "Duncan, Jack"]
[Result "1-0"]
[WhiteElo "2235"]
[BlackElo "2055"]
[PlyCount "55"]
[EventDate "1992.??.??"]

1. e4 c6 2. d3 d5 3. Nd2 e5 4. Ngf3 Bd6 5. Qe2 Qe7 6. d4 exd4 7. exd5 cxd5 8.
Nxd4 Nc6 9. Nb5 Bb8 10. Nb3 a6 11. N5d4 Ba7 12. Be3 Nf6 13. Nxc6 bxc6 14. Bxa7
Rxa7 15. Na5 Bd7 16. O-O-O Kd8 17. Qd3 Qc5 18. Qg3 Ne4 19. Qb8+ Ke7 20. Qxh8
Qxa5 21. Bc4 dxc4 22. Rhe1 Qxa2 23. Rxe4+ Kf6 24. Qb8 c3 25. Qe5+ Kg6 26. Qg3+
Kf5 27. Re5+ Kf6 28. Qg5# 1-0

[Event "Detroit (MI Op/6/13)"]
[Site "?"]
[Date "1992.??.??"]
[Round "?"]
[White "Finegold, Mark"]
[Black "Calton, Bill"]
[Result "1-0"]
[WhiteElo "2235"]
[BlackElo "2045"]
[PlyCount "97"]
[EventDate "1992.??.??"]

{6/(13)} 1. e4 c6 2. d4 d5 3. e5 Bf5 4. Nf3 e6 5. Be2 Ne7 6. O-O c5 7. Be3 Nec6
8. c3 Nd7 9. Nbd2 Qb6 10. b3 Be7 11. a3 a5 12. dxc5 Bxc5 13. Bf4 O-O 14. b4
axb4 15. axb4 Be7 16. Nb3 f6 17. exf6 Bxf6 18. Be3 Rxa1 19. Qxa1 Qd8 20. Nfd4
Qe7 21. Bb5 Bg6 22. Nxc6 bxc6 23. Bxc6 Rc8 24. Bxd7 Qxd7 25. Nc5 Qd6 26. Qc1 h6
27. f4 Bf5 28. Qd2 Ra8 29. Bd4 Be7 30. Qe2 Qc6 31. Re1 Bxc5 32. bxc5 Qc7 33.
Qe5 Qxe5 34. Bxe5 Kf7 35. c6 g6 36. Re2 Rc8 37. c7 Ke7 38. Rb2 Kd7 39. Rb8 Bd3
40. Kf2 h5 41. Ke3 Bf5 42. Kd4 Bc2 43. Kc5 Be4 44. g3 Bf3 45. Rb4 Bg2 46. Rb6
Bf3 47. Kd4 Bg2 48. Rd6+ Ke7 49. Rd8 1-0

[Event "Detroit (MI Op/2/33)"]
[Site "?"]
[Date "1992.??.??"]
[Round "?"]
[White "Finegold, Mark"]
[Black "Burwell, Raymond"]
[Result "1-0"]
[WhiteElo "2235"]
[BlackElo "1855"]
[PlyCount "79"]
[EventDate "1992.??.??"]

{2/(33)} 1. e4 e5 2. Nf3 Nf6 3. Nxe5 d6 4. Nf3 Nxe4 5. c4 Be7 6. Nc3 Nxc3 7.
dxc3 Nc6 8. Be2 O-O 9. O-O Re8 10. Bf4 Bf5 11. Qb3 Rb8 12. Rad1 Qc8 13. Nd4
Nxd4 14. cxd4 Bf6 15. Bf3 Bg4 16. Bxg4 Qxg4 17. Be3 Bg5 18. Bxg5 Qxg5 19. Rfe1
Re7 20. Qb4 b6 21. Rxe7 Qxe7 22. Re1 Qd7 23. Qb5 c6 24. Qa4 Re8 25. Rxe8+ Qxe8
26. h3 Qd7 27. d5 b5 28. dxc6 Qxc6 29. Qxb5 Qxb5 30. cxb5 Kf8 31. Kf1 Ke8 32.
Ke2 Kd7 33. Kd3 d5 34. Kd4 Kd6 35. a4 h6 36. a5 h5 37. b6 axb6 38. axb6 Kc6 39.
b7 Kxb7 40. Kxd5 1-0

[Event "Detroit (MI Op/7/8)"]
[Site "?"]
[Date "1992.??.??"]
[Round "?"]
[White "Finegold, Mark"]
[Black "Baze, Lineas"]
[Result "1-0"]
[WhiteElo "2235"]
[BlackElo "2070"]
[PlyCount "73"]
[EventDate "1992.??.??"]

{7/(8)} 1. e4 c5 2. c3 d5 3. exd5 Qxd5 4. d4 Nf6 5. Nf3 Bg4 6. Qa4+ Nc6 7. Bc4
Qd7 8. dxc5 Bxf3 9. gxf3 e6 10. Be3 Nd5 11. Bxd5 Qxd5 12. Qe4 Ne5 13. Qxd5 exd5
14. Ke2 Nc4 15. b4 a5 16. a4 axb4 17. cxb4 Be7 18. Rd1 O-O 19. Rxd5 Bf6 20. Bd4
Rfe8+ 21. Kd3 Ne5+ 22. Bxe5 Bxe5 23. Nc3 Bxh2 24. a5 Be5 25. Re1 f6 26. Kc4 h5
27. f4 Bxc3 28. Rxe8+ Rxe8 29. Kxc3 g6 30. b5 h4 31. a6 bxa6 32. b6 h3 33. b7
h2 34. Rd1 Kf7 35. c6 Rh8 36. c7 Rh3+ 37. Kc2 1-0

[Event "Detroit (MI Op/6/2)"]
[Site "?"]
[Date "1992.??.??"]
[Round "?"]
[White "Finegold, Ben"]
[Black "Wiseman, M."]
[Result "1-0"]
[WhiteElo "2540"]
[BlackElo "2365"]
[PlyCount "65"]
[EventDate "1992.??.??"]

{6/(2)} 1. d4 f5 2. Bg5 h6 3. Bf4 Nf6 4. e4 fxe4 5. Nc3 d5 6. f3 Bf5 7. fxe4
dxe4 8. Bc4 e6 9. Nge2 Bd6 10. O-O Nc6 11. a4 a6 12. d5 Bc5+ 13. Kh1 Ne7 14.
dxe6 Qc8 15. Be5 Ng4 16. Ng3 Nxe5 17. Nxf5 O-O 18. Nxe7+ Bxe7 19. Qd5 Nxc4 20.
Qxc4 c6 21. Nxe4 b5 22. Qb3 Qc7 23. Rf7 Rxf7 24. exf7+ Kf8 25. Qe6 Rd8 26. Rf1
Qd7 27. Qg6 Qd1 28. Ng3 Bf6 29. h3 Qd5 30. Ne4 Qxf7 31. Qh7 Ke7 32. Nxf6 gxf6
33. Re1+ 1-0

[Event "Detroit (MI Action/5)"]
[Site "?"]
[Date "1992.??.??"]
[Round "?"]
[White "Finegold, Ben"]
[Black "Smith, Walt"]
[Result "1-0"]
[WhiteElo "2550"]
[BlackElo "2000"]
[PlyCount "66"]
[EventDate "1992.??.??"]

1. d4 d6 2. Nf3 g6 3. c4 Bg7 4. Nc3 Bg4 5. e3 e5 6. Be2 Nd7 7. O-O Ne7 8. h3
Bxf3 9. Bxf3 c6 10. d5 cxd5 11. Nxd5 Nc5 12. Rb1 O-O 13. b3 a5 14. Ba3 Nc6 15.
Nc3 Nb4 16. Qd2 Re8 17. Ne4 f5 18. Nxd6 e4 19. Bxb4 axb4 20. Qd5+ Ne6 21. Nxe8
Qxe8 22. Be2 Rxa2 23. Rfe1 Kh8 24. Bf1 Qe7 25. Red1 Bc3 26. Qd7 Qxd7 27. Rxd7
Nc5 28. Rc7 b6 29. Rc6 Nd3 30. Rd1 Be1 31. Bxd3 Bxf2+ 32. Kh2 exd3 33. Rxd3 f4
1-0

[Event "Hoogovens-B"]
[Site "Wijk aan Zee"]
[Date "1992.??.??"]
[Round "5"]
[White "Finegold, Ben"]
[Black "Kuijf, Marinus"]
[Result "1-0"]
[WhiteElo "2465"]
[BlackElo "2440"]
[PlyCount "119"]
[EventDate "1992.01.??"]

1. d4 d5 2. c4 c6 3. Nf3 Nf6 4. Nc3 e6 5. e3 Bb4 6. Bd3 O-O 7. O-O Nbd7 8. a3
Ba5 9. Qc2 Re8 10. b4 Bc7 11. Bb2 h6 12. Rfd1 Qe7 13. b5 dxc4 14. Bxc4 e5 15.
Nh4 Nf8 16. Nf5 Bxf5 17. Qxf5 exd4 18. exd4 Rad8 19. g3 Qd7 20. Qxd7 N8xd7 21.
Bf1 c5 22. Na4 cxd4 23. Bxd4 Be5 24. f4 Bxd4+ 25. Rxd4 Rc8 26. Rad1 Rc7 27. Nb2
Rc2 28. Nc4 Nf8 29. Rd8 Re7 30. Ra8 g6 31. Rdd8 N6h7 32. Ne5 Kg7 33. Rxa7 g5
34. Raa8 gxf4 35. gxf4 f6 36. Nf3 Ne6 37. Rg8+ Kf7 38. Rg4 Nhf8 39. Rb8 h5 40.
Rh4 Ng6 41. Rxh5 Ngxf4 42. Rh7+ Ng7 43. Nd4 Rc5 44. Rhh8 Ng6 45. Rhc8 Rg5+ 46.
Kf2 Ne5 47. h3 Rh5 48. Rf8+ Kg6 49. Rbd8 Rh4 50. Kg2 Rf4 51. Ne2 Rf3 52. a4 Nf5
53. Rg8+ Kf7 54. Kg1 Ng6 55. Bg2 Ngh4 56. Bxf3 Nxf3+ 57. Kf2 Ng5 58. Rdf8+ Ke6
59. Nf4+ Kd7 60. Rd8+ 1-0

[Event "Detroit (MI Op/4/4)"]
[Site "?"]
[Date "1992.??.??"]
[Round "?"]
[White "Finegold, Ben"]
[Black "Kebrdle, M."]
[Result "1-0"]
[WhiteElo "2540"]
[BlackElo "2110"]
[PlyCount "21"]
[EventDate "1992.??.??"]

{4/(4)} 1. d4 d5 2. c4 c6 3. Nc3 Nf6 4. Nf3 Bf5 5. cxd5 cxd5 6. Qb3 b6 7. Bg5
Be6 8. e3 a6 9. Rc1 Nbd7 10. Bxf6 Nxf6 11. Bxa6 1-0

[Event "Detroit (MI Action/1)"]
[Site "?"]
[Date "1992.??.??"]
[Round "?"]
[White "Finegold, Ben"]
[Black "Hill, Brent"]
[Result "1-0"]
[WhiteElo "2550"]
[BlackElo "1605"]
[PlyCount "39"]
[EventDate "1992.??.??"]

1. d4 d5 2. c4 Nf6 3. cxd5 Nxd5 4. Nf3 Nc6 5. e4 Nb6 6. Nc3 Bg4 7. d5 Bxf3 8.
gxf3 Ne5 9. f4 Ned7 10. Be3 g6 11. Bd4 Rg8 12. Bg2 Bh6 13. Qf3 Qc8 14. Rc1 c6
15. O-O c5 16. Be3 a6 17. e5 Rb8 18. Ne4 f6 19. e6 Nf8 20. Rfd1 1-0

[Event "Detroit (MI Op/2/1)"]
[Site "?"]
[Date "1992.??.??"]
[Round "?"]
[White "Finegold, Ben"]
[Black "Chehayeb, Sal"]
[Result "1/2-1/2"]
[WhiteElo "2540"]
[BlackElo "2070"]
[PlyCount "88"]
[EventDate "1992.??.??"]

{2/(1)} 1. d4 Nf6 2. c4 g6 3. Nc3 Bg7 4. e4 d6 5. Be2 O-O 6. Nf3 e5 7. O-O Nc6
8. d5 Ne7 9. b4 Ne8 10. Nd2 f5 11. c5 fxe4 12. Ndxe4 Bf5 13. f3 Nf6 14. Bg5 Kh8
15. Rc1 h6 16. Nxf6 hxg5 17. Nfe4 Bh6 18. Qd2 Ng8 19. g4 Bxe4 20. fxe4 Rf4 21.
Qe3 Nf6 22. h3 a5 23. cxd6 cxd6 24. b5 Rc8 25. Bf3 Nd7 26. Na4 Bf8 27. b6 Nc5
28. Nxc5 dxc5 29. Qc3 Bd6 30. Qxa5 Ra8 31. Qb5 Rxa2 32. Bg2 Ra6 33. Rb1 Kg7 34.
Rfc1 Rf8 35. Rf1 Qe8 36. Qb2 Rf4 37. Ra1 Qa8 38. Rfc1 Ra4 39. Qc3 Ra2 40. Rxa2
Qxa2 41. Rc2 Qb1+ 42. Kh2 Qxb6 43. Rb2 Qa6 44. Qb3 c4 1/2-1/2

[Event "Detroit (MI Action/3)"]
[Site "?"]
[Date "1992.??.??"]
[Round "?"]
[White "Finegold, Ben"]
[Black "Baze, Lineas"]
[Result "1-0"]
[WhiteElo "2550"]
[BlackElo "2100"]
[PlyCount "71"]
[EventDate "1992.??.??"]

1. d4 Nf6 2. c4 g6 3. Nc3 Bg7 4. Nf3 O-O 5. Bf4 d6 6. e3 Nh5 7. Bg5 h6 8. Bh4
c6 9. Be2 Bg4 10. Qb3 Qc7 11. h3 Bxf3 12. Bxf3 Nf6 13. O-O Nbd7 14. Rac1 Rfe8
15. Rfd1 Rac8 16. Qa3 a6 17. b4 Qb8 18. Bg3 Qa8 19. Qb3 Qa7 20. a4 b6 21. Rc2
Nh7 22. b5 axb5 23. axb5 c5 24. Bc6 Nhf6 25. Ra2 Qc7 26. Rda1 Rf8 27. Ra7 Qd8
28. Nd5 Kh7 29. Rb7 Rb8 30. Raa7 Rxb7 31. Rxb7 Rg8 32. Qa3 Bf8 33. Bxd7 Nxd7
34. Qa7 Nf6 35. Rb8 Qxb8 36. Nxf6+ 1-0

[Event "Flint (Class B/4)"]
[Site "?"]
[Date "1992.??.??"]
[Round "?"]
[White "Fiedler, Robert"]
[Black "Koger, Melvin"]
[Result "0-1"]
[WhiteElo "1755"]
[BlackElo "1760"]
[PlyCount "106"]
[EventDate "1992.??.??"]

1. e4 e6 2. Nf3 d5 3. e5 c5 4. c3 Qb6 5. d4 Nc6 6. b3 cxd4 7. cxd4 Bb4+ 8. Bd2
Nxd4 9. Bxb4 Qxb4+ 10. Nbd2 Nxf3+ 11. Qxf3 Qd4 12. Bb5+ Bd7 13. Bxd7+ Kxd7 14.
Qxf7+ Ne7 15. O-O Qxd2 16. Rac1 Rac8 17. Rcd1 Qg5 18. g3 Qxe5 19. Rfe1 Qf6 20.
Qh5 Rc2 21. Re2 Rxe2 22. Qxe2 a6 23. b4 Nc6 24. Qg4 Ke7 25. Qe2 Rd8 26. b5 axb5
27. Qxb5 Rd7 28. Kg2 Qe5 29. Kf1 Qc3 30. Qb1 Qf3 31. Kg1 Ne5 32. Qc2 Qg4 33.
Qc5+ Kf7 34. Rc1 Nd3 35. Qe3 Nxc1 36. Qxc1 Qc4 37. Qb1 h6 38. Qd1 d4 39. Qh5+
Ke7 40. Qh4+ Kd6 41. Qf4+ e5 42. Qf8+ Kc6 43. Qc8+ Rc7 44. Qe8+ Kb6 45. Qxe5 d3
46. Qd6+ Rc6 47. Qd8+ Kb5 48. a4+ Kxa4 49. Qa8+ Qa6 50. Qd8 Rc1+ 51. Kg2 Qc6+
52. f3 Qc2+ 53. Kh3 Qc8+ 0-1

[Event "Flint (Class B/2)"]
[Site "?"]
[Date "1992.??.??"]
[Round "?"]
[White "Fiedler, Robert"]
[Black "Burke, Tim"]
[Result "1/2-1/2"]
[WhiteElo "1755"]
[BlackElo "1700"]
[PlyCount "117"]
[EventDate "1992.??.??"]

1. e4 c5 2. Nf3 Nc6 3. d4 cxd4 4. Nxd4 g6 5. Be3 Bg7 6. c3 d6 7. Bc4 Nf6 8. Nd2
O-O 9. h3 Bd7 10. O-O Qc8 11. N4f3 Rb8 12. Bb3 b5 13. Nd4 Ne5 14. f4 Nc4 15.
Bxc4 bxc4 16. Qc2 d5 17. e5 Ne4 18. Nxe4 dxe4 19. Qxe4 Rxb2 20. f5 gxf5 21.
Nxf5 Bxf5 22. Rxf5 h6 23. Qg4 Qe6 24. a4 a6 25. Qe4 Qg6 26. Bd4 Rxg2+ 27. Qxg2
Qxf5 28. Rf1 Qg6 29. Qxg6 fxg6 30. Rxf8+ Kxf8 31. Kf2 e6 32. Ke3 Ke8 33. Ke4
Kd7 34. Bf2 Kc6 35. Kd4 g5 36. Bg3 Bf8 37. Kxc4 h5 38. Bf2 Be7 39. Kd3 g4 40.
hxg4 hxg4 41. c4 Bc5 42. Be1 Bg1 43. Bg3 Kc5 44. Kc3 Bd4+ 45. Kd3 Bg1 46. Kc3
a5 47. Kd3 Kb4 48. Ke4 Kxa4 49. Kf4 Kb4 50. Be1+ Kb3 51. Bxa5 Bh2+ 52. Kxg4
Kxc4 53. Kf3 Kd5 54. Ke2 Bxe5 55. Be1 Ke4 56. Ba5 Bg3 57. Bc3 Kd5 58. Ba5 e5
59. Bc7 1/2-1/2

[Event "Detroit (MI Op/4/3)"]
[Site "?"]
[Date "1992.??.??"]
[Round "?"]
[White "Feldman, Steve"]
[Black "Noren, Kevin"]
[Result "1/2-1/2"]
[WhiteElo "2290"]
[BlackElo "2310"]
[PlyCount "62"]
[EventDate "1992.??.??"]

{4/(3)} 1. d4 Nf6 2. c4 g6 3. Nc3 Bg7 4. e4 d6 5. Nf3 O-O 6. h3 e5 7. Be3 exd4
8. Nxd4 Re8 9. Qc2 Na6 10. Be2 Nc5 11. f3 Nh5 12. O-O-O f5 13. Nb3 Nxb3+ 14.
axb3 Ng3 15. Rhe1 fxe4 16. Nxe4 Nxe4 17. fxe4 Qh4 18. Bf3 Bh6 19. Bxh6 Qxh6+
20. Qd2 Qxd2+ 21. Rxd2 Re5 22. Rd5 Be6 23. Rxe5 dxe5 24. Rd1 h5 25. Kc2 Kf7 26.
Kc3 Ke7 27. b4 a5 28. c5 axb4+ 29. Kxb4 Rd8 30. Rxd8 Kxd8 31. h4 Kd7 1/2-1/2

[Event "Detroit (MI Op/2/7)"]
[Site "?"]
[Date "1992.??.??"]
[Round "?"]
[White "Feldman, Steve"]
[Black "Jarosz, Stan"]
[Result "1-0"]
[WhiteElo "2290"]
[BlackElo "2000"]
[PlyCount "157"]
[EventDate "1992.??.??"]

{2/(7)} 1. d4 d5 2. c4 e6 3. Nc3 Be7 4. Bf4 Nf6 5. e3 O-O 6. h3 c5 7. Nf3 Nc6
8. dxc5 Bxc5 9. Be2 dxc4 10. Bxc4 a6 11. O-O b5 12. Bb3 Bb7 13. Qe2 Qe7 14.
Rfd1 h6 15. e4 e5 16. Be3 Rfd8 17. Nd5 Nxd5 18. Bxd5 Nd4 19. Bxd4 exd4 20. Bxb7
Qxb7 21. Ne1 Re8 22. Nd3 Ba7 23. Re1 Rac8 24. Rac1 Rxc1 25. Nxc1 Re7 26. Nd3
Rc7 27. Rc1 Rxc1+ 28. Nxc1 Qc6 29. Nd3 Qc4 30. a3 Bb8 31. f4 f6 32. h4 a5 33.
Qf3 Qc2 34. e5 fxe5 35. fxe5 Qc7 36. Qd5+ Kh7 37. Qe4+ Kg8 38. Qd5+ Kh7 39. Kh2
Qb6 40. h5 b4 41. Qe4+ Kg8 42. axb4 axb4 43. Qd5+ Kh7 44. Kh3 Qa6 45. Qxd4 Qe6+
46. Qg4 Qd5 47. Qf5+ Kg8 48. Qc8+ Kh7 49. Qf5+ Kg8 50. Kh2 b3 51. Kh3 Qd4 52.
Qe6+ Kh7 53. Qg6+ Kg8 54. e6 Qe3+ 55. g3 Qg1 56. Qe8+ Kh7 57. Qxb8 Qf1+ 58. Kg4
Qxd3 59. Qe5 Qd1+ 60. Kf4 Qd2+ 61. Ke4 Qe2+ 62. Kd5 Qb5+ 63. Kd4 Qa4+ 64. Kc3
Qc6+ 65. Kxb3 Qf3+ 66. Kc4 Qc6+ 67. Kd3 Qf3+ 68. Kd2 Qf2+ 69. Qe2 Qb6 70. e7
Qxb2+ 71. Ke1 Qc1+ 72. Kf2 Qc5+ 73. Kf1 Qc1+ 74. Kg2 Qc6+ 75. Kh2 Qe8 76. Qe4+
Kh8 77. g4 Qb8+ 78. Kh3 Qe8 79. Qe6 1-0

[Event "Detroit (MI Op/7/2)"]
[Site "?"]
[Date "1992.??.??"]
[Round "?"]
[White "Feldman, Steve"]
[Black "Finegold, Ben"]
[Result "1/2-1/2"]
[WhiteElo "2290"]
[BlackElo "2540"]
[PlyCount "80"]
[EventDate "1992.??.??"]

{7/(2)} 1. d4 d5 2. c4 Nc6 3. Nf3 Bg4 4. cxd5 Bxf3 5. gxf3 Qxd5 6. e3 e5 7. Nc3
Bb4 8. Bd2 Bxc3 9. bxc3 exd4 10. cxd4 Nge7 11. Rg1 g6 12. f4 O-O 13. Bg2 Qe6
14. Kf1 Rad8 15. Qb3 Nxd4 16. exd4 Qa6+ 17. Ke1 Nf5 18. Bxb7 Rfe8+ 19. Be3 Qf6
20. Kf1 Rb8 21. Rb1 Nd6 22. Qa4 Qf5 23. Ke2 Nxb7 24. Rxb7 Rxe3+ 25. fxe3 Rxb7
26. Qe8+ Kg7 27. Qe5+ Qxe5 28. fxe5 Kf8 29. Rc1 Rb2+ 30. Kd3 Rxh2 31. Rxc7 Rxa2
32. d5 Ke8 33. d6 Rf2 34. Rc8+ Kd7 35. Rc7+ Kd8 36. Rxa7 h5 37. Kd4 h4 38. Kd5
Rd2+ 39. Kc6 Rc2+ 40. Kd5 Rd2+ 1/2-1/2